000
00203 a2200097 4500
001
15774
100
_a
Zeiger
245
_a
Encyclopedia of English
260
_a
New York
_b
Arco
_c
090
_c
12328
_d
12328
942
_a
NUST-CAE
_c
M
_c
2590
999
_c
250847
_d
250847